000 00688cam a2200217 a 4500
001 2630955
005 20241209164459.0
008 990415s2000 nju b 001 0 eng
020 _a9780139156878
050 0 0 _aQH308.2
_b.A936 2000
082 0 0 _a570
_221
100 1 _aAudesirk, Teresa.
245 1 0 _aLife on earth /
_cTeresa Audesirk, Gerald Audesirk, Bruce E. Byers.
250 _a2nd ed.
260 _aUpper Saddle River, N.J. :
_bPrentice Hall,
_cc2000.
300 _a1 v. (various pagings) :
_bcol. ill. ;
_c28 cm. +
_e1 computer laser optical disc (4 3/4 in.)
650 0 _aBiology.
700 1 _aAudesirk, Gerald.
700 1 _aByers, Bruce E.
942 _2lcc
_cBK
_e2nd ed.
_n0
999 _c2016
_d2016